<?xml version="1.0" encoding="UTF-8"?>
<record
    xmlns:xsi="http://www.w3.org/2001/XMLSchema-instance"
    xsi:schemaLocation="http://www.loc.gov/MARC21/slim http://www.loc.gov/standards/marcxml/schema/MARC21slim.xsd"
    xmlns="http://www.loc.gov/MARC21/slim">

  <leader>01348nam0a2200337   4500</leader>
  <controlfield tag="001">RU\NLR\BIBL_A\011889945</controlfield>
  <controlfield tag="005">20181224165705.0</controlfield>
  <datafield tag="010" ind1=" " ind2=" ">
    <subfield code="a">978-5-17-111913-3</subfield>
    <subfield code="9">5000</subfield>
  </datafield>
  <datafield tag="021" ind1=" " ind2=" ">
    <subfield code="a">RU</subfield>
    <subfield code="b">&#x41A;&#x41D;-&#x41F;-18-085552</subfield>
    <subfield code="9">&#x41A;&#x41D;-&#x41F;-18-6196</subfield>
  </datafield>
  <datafield tag="035" ind1=" " ind2=" ">
    <subfield code="a">(NLR Aleph) 011889945</subfield>
  </datafield>
  <datafield tag="035" ind1=" " ind2=" ">
    <subfield code="a">(RuMoRGB)009804661</subfield>
  </datafield>
  <datafield tag="090" ind1=" " ind2=" ">
    <subfield code="a">10825821</subfield>
    <subfield code="c">10825821</subfield>
  </datafield>
  <datafield tag="100" ind1=" " ind2=" ">
    <subfield code="a">20181212d2018    a  y0rusy50      ca</subfield>
  </datafield>
  <datafield tag="101" ind1="1" ind2=" ">
    <subfield code="a">rus</subfield>
    <subfield code="c">eng</subfield>
  </datafield>
  <datafield tag="102" ind1=" " ind2=" ">
    <subfield code="a">RU</subfield>
  </datafield>
  <datafield tag="105" ind1=" " ind2=" ">
    <subfield code="a">y|||zzzz0|1zy</subfield>
  </datafield>
  <datafield tag="200" ind1="1" ind2=" ">
    <subfield code="a">&#x421;&#x430;&#x442;&#x430;&#x43D;&#x430; &#x432; &#x43F;&#x440;&#x435;&#x434;&#x43C;&#x435;&#x441;&#x442;&#x44C;&#x435;</subfield>
    <subfield code="a">&#x41A;&#x43E;&#x448;&#x43C;&#x430;&#x440;&#x44B; &#x437;&#x43D;&#x430;&#x43C;&#x435;&#x43D;&#x438;&#x442;&#x43E;&#x441;&#x442;&#x435;&#x439;</subfield>
    <subfield code="e">[&#x441;&#x431;&#x43E;&#x440;&#x43D;&#x438;&#x43A;]</subfield>
    <subfield code="f">&#x411;&#x435;&#x440;&#x442;&#x440;&#x430;&#x43D; &#x420;&#x430;&#x441;&#x441;&#x435;&#x43B;</subfield>
    <subfield code="g">[&#x43F;&#x435;&#x440;&#x435;&#x432;&#x43E;&#x434; &#x441; &#x430;&#x43D;&#x433;&#x43B;&#x438;&#x439;&#x441;&#x43A;&#x43E;&#x433;&#x43E; &#x410;. &#x41A;&#x430;&#x431;&#x430;&#x43B;&#x43A;&#x438;&#x43D;&#x430;]</subfield>
  </datafield>
  <datafield tag="210" ind1=" " ind2=" ">
    <subfield code="a">&#x41C;&#x43E;&#x441;&#x43A;&#x432;&#x430;</subfield>
    <subfield code="c">&#x410;&#x421;&#x422;</subfield>
    <subfield code="d">2018</subfield>
  </datafield>
  <datafield tag="215" ind1=" " ind2=" ">
    <subfield code="a">350, [1] &#x441;.</subfield>
    <subfield code="d">18</subfield>
  </datafield>
  <datafield tag="225" ind1="1" ind2=" ">
    <subfield code="a">&#x42D;&#x43A;&#x441;&#x43A;&#x43B;&#x44E;&#x437;&#x438;&#x432;&#x43D;&#x430;&#x44F; &#x43A;&#x43B;&#x430;&#x441;&#x441;&#x438;&#x43A;&#x430;</subfield>
  </datafield>
  <datafield tag="300" ind1=" " ind2=" ">
    <subfield code="a">&#x41D;&#x430; 4-&#x439; &#x441;. &#x43E;&#x431;&#x43B;. &#x430;&#x432;&#x442;.: &#x411;. &#x420;&#x430;&#x441;&#x441;&#x435;&#x43B;, &#x43C;&#x430;&#x442;&#x435;&#x43C;&#x430;&#x442;&#x438;&#x43A; &#x438; &#x444;&#x438;&#x43B;&#x43E;&#x441;&#x43E;&#x444;, &#x43B;&#x430;&#x443;&#x440;&#x435;&#x430;&#x442; &#x41D;&#x43E;&#x431;&#x435;&#x43B;&#x435;&#x432;&#x441;&#x43A;&#x43E;&#x439; &#x43F;&#x440;&#x435;&#x43C;&#x438;&#x438; &#x43F;&#x43E; &#x43B;&#x438;&#x442;&#x435;&#x440;&#x430;&#x442;&#x443;&#x440;&#x435;</subfield>
  </datafield>
  <datafield tag="320" ind1=" " ind2=" ">
    <subfield code="a">&#x414;&#x440;. &#x43F;&#x440;&#x43E;&#x438;&#x437;&#x432;&#x435;&#x434;&#x435;&#x43D;&#x438;&#x44F; &#x430;&#x432;&#x442;. &#x43D;&#x430; 4-&#x439; &#x441;. &#x43E;&#x431;&#x43B;.</subfield>
  </datafield>
  <datafield tag="333" ind1=" " ind2=" ">
    <subfield code="a">16+</subfield>
  </datafield>
  <datafield tag="686" ind1="1" ind2=" ">
    <subfield code="a">&#x428;6(4&#x412;&#x43B;)67-440.5{&#x41B;&#x445;1299-80}</subfield>
  </datafield>
  <datafield tag="700" ind1=" " ind2="1">
    <subfield code="a">&#x420;&#x430;&#x441;&#x441;&#x435;&#x43B;</subfield>
    <subfield code="b">&#x411;.</subfield>
    <subfield code="f">1872-1970</subfield>
    <subfield code="g">&#x411;&#x435;&#x440;&#x442;&#x440;&#x430;&#x43D;</subfield>
  </datafield>
  <datafield tag="942" ind1=" " ind2=" ">
    <subfield code="c">BOOK</subfield>
  </datafield>
  <datafield tag="980" ind1=" " ind2=" ">
    <subfield code="a">NBR</subfield>
  </datafield>
  <datafield tag="980" ind1=" " ind2=" ">
    <subfield code="a">NB</subfield>
  </datafield>
</record>
